000 01104cab a2200253 4500
001 ABS48661
008 090401t1993 xxu||||| |||| 00| 0 eng d
035 _a(Sirsi) u67866
041 _aeng
245 _aHockley Engineering Co Ltd v V&P Midlands Ltd and Another
260 _c1993
350 _a0
490 _aEstates Gazette
_v(1993) 18 EG 129-134(6)
520 _aChD 2 July 1992. Concerned a breach of covenant when the plaintiff (H) entered into an agreement with the second defendant (K) to sublet part of K`s premises with the knowledge of V. H went into liquidation. V and the liquidator subsequently entered the premises, V had not served any notice on H under Law of Property Act 1925 s146. H claimed for damages for trespass and for breach of covenant for quiet enjoyment. Judgment for plaintiff.
650 _aBREACH OF COVENANT
650 _aFORFEITURE
650 _aLAW OF PROPERTY ACT 1925 S146
650 _aLEASES
650 _aQUIET ENJOYMENT
650 _aTRESPASS
690 _aLANDLORD AND TENANT-CASE LAW-BUSINESS TENANCIES
942 _n0
948 _c04/03/1997
999 _c42520
_d42520